UBT Library

Diseases of the liver. (Record no. 42760)

000 -LEADER
fixed length control field 00567pam a2200229 a 4500
001 - CONTROL NUMBER
control field 3824522
005 - DATE AND TIME OF LATEST TRANSACTION
control field 20180216042002.0
008 - FIXED-LENGTH DATA ELEMENTS--GENERAL INFORMATION
fixed length control field 860926s1987 paua b 001 0 eng c
010 ## - LIBRARY OF CONGRESS CONTROL NUMBER
LC control number 86021410
020 ## - INTERNATIONAL STANDARD BOOK NUMBER
International Standard Book Number 039750747X
040 ## - CATALOGING SOURCE
Original cataloging agency DNLM/DLC
Transcribing agency DLC
Modifying agency DLC
041 ## - LANGUAGE CODE
Language code of text/sound track or separate title eng
060 ## - NATIONAL LIBRARY OF MEDICINE CALL NUMBER
Classification number WI 700 D615
080 ## - UNIVERSAL DECIMAL CLASSIFICATION NUMBER
Universal Decimal Classification number 616.362 sch
082 00 - DEWEY DECIMAL CLASSIFICATION NUMBER
Classification number 616.362 sch
Edition number 19
100 ## - Rafti
Rafti 4
101 ## - Shkurtesa
Shkurtesa shm
245 00 - TITLE STATEMENT
Title Diseases of the liver.
504 ## - BIBLIOGRAPHY, ETC. NOTE
Bibliography, etc Includes bibliographies and index.
906 ## - LOCAL DATA ELEMENT F, LDF (RLIN)
a 7
b cbc
c orignew
d 1
e ocip
f 19
g y-gencatlg
942 ## - ADDED ENTRY ELEMENTS (KOHA)
Source of classification or shelving scheme
Item type Books
Holdings
Withdrawn status Lost status Source of classification or shelving scheme Damaged status Not for loan Collection code Permanent location Current location Shelving location Date acquired Total Checkouts Full call number Barcode Date last seen Price effective from Koha item type
          Koleksioni Referal UBT - Lipjan UBT - Lipjan Koleksioni i përgjithshem 02/16/2018   616.362 sch 002-2997278 02/16/2018 02/16/2018 Books
UBT Library © 2015-2024. All rights reserved University Education for Business and Technology